| 000 | 01556nam a22003617a 4500 | ||
|---|---|---|---|
| 001 | 6078 | ||
| 003 | FISKH | ||
| 005 | 20260318132129.0 | ||
| 008 | 250312b cb ||||| |||| 00| 0 eng d | ||
| 020 | _a9781455803194 | ||
| 020 | _a1455803197 | ||
| 020 | _a9780545398268 | ||
| 040 |
_aFISKH _beng _cFISKH _dFISKH |
||
| 050 | _aPZ7.R4829 R | ||
| 082 | _a813.6 | ||
| 100 | 1 |
_aRiordan, Rick _d(1964-) |
|
| 245 | 1 | 4 |
_aThe Red pyramid / _cRick Riordan |
| 250 | _aThis edition first published in 2011 | ||
| 260 |
_aNew York : _bScholastic, _c2010. |
||
| 300 |
_a516 pages : _c20 cm |
||
| 505 | _aP | ||
| 520 | _aSince their mother's death, Carter and Sadie have become near strangers. While Sadie has lived in London, her brother has traveled with their father, Egyptologist Dr. Julius Kane. One night, Dr. Kane brings the siblings together for a research experiment at the museum to set things right for his family. Instead, he unleashes the Egyptian god Set, who banishes him to oblivion and forces the children to flee for their lives. To stop the evil deity, the siblings embark on a dangerous journey. | ||
| 521 | 8 |
_a650
_bLexile |
|
| 521 | 8 |
_aP
_bRaz-Plus |
|
| 650 | 0 |
_aVoyages and travels _vJuvenile fiction. |
|
| 650 | 0 |
_aMythology, Egyptian _vJuvenile fiction. |
|
| 650 | 0 |
_aMagic _vJuvenile fiction. |
|
| 800 | 1 |
_aRiordan, Rick. _tKane chronicles (Brilliance Audio (Firm)) ; _vbk. 1. |
|
| 830 | 0 | _aBrilliance Audio on compact disc. | |
| 906 |
_a7 _bcbc _ccopycat _d2 _encip _f20 _gy-soundrec |
||
| 942 |
_2ddc _cBK _n0 |
||
| 999 |
_c6078 _d6078 |
||